000 00506nam a2200181 a 4500
001 1771568628420
003 YourLibrary
005 20260220115514.0
008 260220s2002##################000#0#eng##
020 _a9781840647346
082 0 4 _a338.064
_bLAR
100 1 _aYeung, Henry Wai-Chung,
_eauthor.
245 1 0 _aEntrepreneurship and the Internationalisation of Asian Firms :
260 _c2002.
650 0 _aBusiness & Economics.
942 _cENGLISH
040 _aYourLibrary
_beng
_cYourLibrary
999 _c614007
_d614007